ნორმალური ფორმატი
MARC ფორმატი
ჩანაწერი Personal Name
ჩანაწერთა რაოდენობა, რომელიც გამოყენებულია: 1
001 - CONTROL NUMBER
- control field: 20600
003 - CONTROL NUMBER IDENTIFIER
- control field: GE_BSU
005 - DATE AND TIME OF LATEST TRANSACTION
- control field: 20231206150522.0
008 - FIXED-LENGTH DATA ELEMENTS
- fixed length control field: 231206|| aca||aabn | a|a d
040 ## - CATALOGING SOURCE
- Original cataloging agency: GE_BSU
- Transcribing agency: GE_BSU
100 ## - HEADING--PERSONAL NAME
- Personal name: მეგრელიშვილი, მერაბ
- Relator term: რედაქტორი
670 ## - SOURCE DATA FOUND
- Source citation: Work cat.: (GE_BSU)51594: ბათუმის შოთა რუსთაველის სახელმწიფო უნივერსიტეტის 80 წლის იუბილესადმი მიძღვნილი სტუდენტთა საერთაშორისო სამეცნიერო კონფერენციის ნაშრომთა კრებული = International Students Scientific Conference Papers Honoring to the 80th Anniversary of Batumi Shota Rustaveli State University /
